000 00813nam a2200229 a 4500
001 60306
003 BD-RjUL
005 20211209080826.0
008 161229s1964 enka b 000 0 eng d
035 _a(BD-RjUL)60430
040 _aBD-RjUL
_beng
_cBD-RjUL
041 _aeng
082 _223
_a330.0151
_bNEU 1964
100 1 _aNemchinov, V. S.
_q(Vasiliĭ Sergeevich),
_d1894-1964.
_9179470
245 1 4 _aThe use of mathematics in economics /
_cRussian ed. edited by V. S. Nemchinov ; contributors: O. Lange ... [et al.] ; English ed. edited by A. Nove.
260 _aEdinburgh ;
_aLondon :
_bOliver & Boyd,
_c1964.
300 _axxi, 377 p. :
_bill. ;
_c26 cm.
504 _aIncludes bibliography.
650 0 _aEconomics, Mathematical.
_9172336
700 1 _aLange, Oskar.
_d1904-1965.
_9179471
942 _2ddc
_cBK
999 _c60306
_d60306